Statistics for Alaska State Symbols

Click here to take the quiz!

General Stats

  • This quiz has been taken 15 times
  • The average score is 7 of 15

Answer Stats

SymbolAnswer% Correct
DogAlaskan malamute
82%
FishKing salmon
82%
NicknameThe Last Frontier
82%
Land mammalMoose
64%
FlowerForget-me-not
55%
MineralGold
55%
BirdWillow ptarmigan
55%
MottoNorth to the future
45%
GemstoneJade
36%
TreeSitka spruce
36%
FossilWoolly mammoth
27%
State Song"Alaska's Flag"
18%
SportDog mushing
18%
InsectFour-spot skimmer dragonfly
18%
Marine mammalBowhead whale
9%

Score Distribution

Percentile by Number Answered

Percent of People with Each Score

Your Score History

You have not taken this quiz